000 00307nam a2200133 i 4500
001 bg
100 1 _aLVOV, Dmitrij
245 0 _aEkonomika jakoĊ›ci produkcji /
_cDmitrij Lvov.
260 _aWarszawa,
_c1975.
040 _cBPK
041 _apol
942 _cKS
008 s pl f |000 0 pol
999 _c26872
_d26872
856 _uhttp://koha.tu.koszalin.pl/cgi-bin/koha/opac-detail.pl?biblionumber=26872
_yKatalog online BPK